Panstwa ktore maja wiecej niz 100 milionow mieszkancow. - Statystyki

Ogólne statystyki
  • Ten quiz został rozwiązany 1 747 razy
  • Średni wynik to 10 z 13
Statystyki odpowiedzi
Ludnosc Panstwo % Poprawnych
1 384 688 986 Chiny
99%
329 256 465 Stany Zjednoczone
99%
142 122 776 Rosja
97%
1 296 834 042 Indie
96%
208 846 892 Brazylia
93%
126 168 156 Japonia
86%
125 959 205 Meksyk
83%
262 787 403 Indonezja
71%
203 452 505 Nigeria
67%
207 862 518 Pakistan
61%
159 453 001 Bangladesz
54%
108 386 391 Etiopia
42%
105 893 381 Filipiny
40%
Nie znaleziono quizów pasujących do podanych kryteriów
Rozkład punktacji
Procent ludzi z każdym wynikiem
Percentyl według liczby udzielonych odpowiedzi
Twoja historia wyników
Nie rozwiązałeś tego quizu